000 01451nam a2200241Ia 4500
003 Ost
005 20260416102350.0
008 260416s9999||||xx |||||||||||||| ||und||
040 _cfsecg
041 _aara
082 _a1.42
100 _aبواشري، أمينة
_eمؤلف
245 0 _aمحاضرات في منهجية البحث العلمي /
_c أمينة بواشري
260 _aالجزائر
_bجامعة الجزائر3: كلية العلوم الإقتصادية، العلوم التجارية وعلوم التسيير
_c2011
300 _a48 ورقة
_bايضاحات
_c30 سم
504 _aمراجع ص.48
520 _aالبحث العلمي( مفهوم ، خصائص والانواع)، مناهج البحث العلمي ، المناهج الاجرائية للبحث العلمي ،أنواع البحوث الجامعية ،أدوات جمع المعلومات ، الادوات الاحصائية المستخدمة في البحث ، المراجع وطريقة الاستفاذة منها ، خطوات كتابة البحث العلمي ، الهوامش واستخداماتها ،أسلوب الكتابة العلمية
653 _aالبحوث
653 _aالكتابة العلمية
653 _aطرق البحث
710 _aجامعة الجزائر3: كلية العلوم الإقتصادية، العلوم التجارية وعلوم التسيير
_eناشر علمي
942 _cHANDOUT
999 _c40956
_d40956